Tekelleşme ve tekelci devlet kapitalizmi (Record no. 10275)

MARC details
000 -BAŞLIK
Sabit Uzunlukta Kontrol Alanı 00597na a2200205 4500
001 - KONTROL NUMARASI
Denetim Alanı 23553
003 - KONTROL NUMARASI IDENTIFIER
Denetim Alanı MIRAKIL
005 - SON İŞLEM TARİHİ VE ZAMANI
Denetim Alanı 20181213155313.0
008 - SABİT-BOY VERİ ELEMANLARI - GENEL BİLGİLER
Sabit Uzunlukta Kontrol Alanı 180110b tu 000 0
040 ## - KATALOGLAMA KAYNAK
Orijinal Kataloglama Ajansı Milas
Kataloglama Dili tur
Metne Dönüştürmek Ajansı TR-AnCHP
041 ## - DİL KODU
Metin / Ses Parça Veya Ayrı Başlığın Dil Kodu tur
082 ## - DEWEY ONLU SINIFLANDIRMA NUMARASI
Sınıflandırma Numarası 338.523
Ürün Numarası Ç28t [t.y.]
090 ## - SINIFLAMA NUMARASI
Sınıflama Numarası 338.523 Ç28t [t.y.]
100 ## - ANA GİRİŞ - KİŞİSEL İSİM
Kişisel Ad Çavdar, Tevfik
245 ## - BAŞLIK TABLOSU
Başlık Tekelleşme ve tekelci devlet kapitalizmi
Sorumluluk Tablosu, Vb Tevfik Çavdar
260 ## - YAYIN, DAĞITIM, VB
Yayın, Dağıtım, Vb Yeri Ankara
Yayıncı, Dağıtıcı, Vs Adı Yol-İş Federasyonu Eğitim yayınları
Yayın, Dağıtım, Vb Tarihi [t.y.]
Üretici Firma ERK Basımevi
300 ## - FİZİKSEL TANIM
Kapsam 27 s.
Boyutlar 16 sm.
650 ## - KONU KATMA GİRİŞ - TOPİKAL DÖNEM
Topikal Süreli Veya Coğrafi Ad Giriş Elemanı Kapitalizm
Genel Alt Bölümü Tekelleşme
942 ## - EKLENDİ GİRİŞ ELEMANLARI (KOHA)
Sınıflandırma Veya Raf Düzeni Kaynak Dewey Decimal Classification
Koha Öğesi Türü Books
999 ## - SİSTEM KONTROL NUMARALARI (KOHA)
Koha Biblionumber 10275
Koha Biblioitemnumber 10275
Holdings
Kalıcı Konum Mevcut Konum Edinme Tarihi Edinim Kaynak Toplam Check-Out'Lar Tam Çağrı Numarası Barkod Tarih Son Görülme İtibaren Geçerli Fiyatlar Koha Öğesi Türü
CHP Kütüphanesi CHP Kütüphanesi 10/31/2017 Bağış   338.523 Ç28t [t.y.] 017537 10/31/2017 10/31/2017 Books